Anagrammes de pays du monde en 6 lettres - Statistiques

Statistiques générales
  • Ce quiz a été pris 997 fois
  • Le résultat moyen est 23 sur 28
Statistiques - réponses
Anagramme Pays % Correct
SOVOKO Kosovo
98%
NAMAPA Panama
96%
ADANAC Canada
95%
CYPHER Chypre
94%
ISSUES Suisse
92%
FARCEN France
91%
ALITIE Italie
90%
PYTEGE Egypte
88%
KITWEO Koweit
88%
WANDAR Rwanda
88%
NAMOCO Monaco
87%
YAGUNA Guyana
86%
WILAMA Malawi
86%
SIEURS Russie
86%
LIBRES Brésil
84%
BIERES Serbie
83%
LEBIEZ Belize
81%
VALUTU Tuvalu
81%
GOALAN Angola
78%
BIGAME Gambie
78%
NIEGUE Guinée
78%
COSEES Ecosse
77%
SALOPA Palaos
76%
WANITA Taiwan
74%
USANDO Soudan
72%
RELAIS Israel
61%
BESOIN Bosnie
59%
BINEUR Brunei
56%
Aucun quiz correspondant
Distribution des résultats
% des personnes avec chaque résultat
Percentile par nombre de réponses
Votre historique - résultats
Vous n’avez pas pris ce quiz